000 01050nam a2200313 aa4500
001 22748
003 CZ PrNK
005 20260422161810.0
007 ta
008 181106s1987 xo 000 1 slo
040 _aABA001
_bcze
041 1 _aslo
_hpor
072 7 _a821.134.3
_xPortugalská literatura, portugalsky psaná
_2Konspekt
080 _a821.134.3(81)-3
_2MRF
100 1 _aAmado, Jorge,
_d1912-2001
_4aut
245 1 0 _aNávrat márnotratnej dcéry alebo Tieta z Agreste
_cJorge Amado ; [preložil Vladimír Oleríny]
246 3 0 _aTieta z Agreste
250 _a1. vyd.
260 _aBratislava :
_bSlovenský spisovateľ,
_c1987
300 _a2 sv. (351; 368 s.)
_c
490 1 _aSpoločnosť priateľov krásnych kníh ;
_vzv. 480
500 _aPřeloženo z portugalštiny
655 7 _abrazilské prózy
_2czenas
700 1 _aOleríny, Vladimír,
_d1921-2016
_4trl
765 0 _tTieta do Agreste
830 0 _aSpoločnosť priateľov krásnych kníh (Slovenský spisovateľ)
910 _aABA001
942 _2ddc
_cKLDO
_n0
999 _c22748
_d22748